|
|
|
|
| LEADER |
00000nam0a2200000 4500 |
| 001 |
271420 |
| 005 |
20231101234433.0 |
| 020 |
|
|
|a RU
|b 87-33371
|
| 035 |
|
|
|a (RuTPU)RU\TPU\book\294602
|
| 090 |
|
|
|a 271420
|
| 100 |
|
|
|a 20141007d1987 k y0rusy5003 ca
|
| 101 |
0 |
|
|a rus
|
| 102 |
|
|
|a UZ
|
| 105 |
|
|
|a a z 001zy
|
| 200 |
1 |
|
|a Позднеюрские склерактинии рифогенных отложений Южного и Западного Узбекистана
|e [монография]
|f С. Т. Хусанов
|g Институт геологии и разведки нефтяных и газовых месторождений
|
| 210 |
|
|
|a Ташкент
|c Фан
|d 1987
|
| 215 |
|
|
|a 108 с.
|c ил.
|d 26 см
|
| 320 |
|
|
|a Библиогр.: с. 79-86
|
| 606 |
1 |
|
|a Горные породы, карбонатные
|2 stltpush
|3 (RuTPU)RU\TPU\subj\8118
|9 35604
|
| 610 |
1 |
|
|a стратиграфические исследования
|
| 610 |
1 |
|
|a ископаемые кораллы
|
| 610 |
1 |
|
|a ископаемые рифы
|
| 610 |
1 |
|
|a верхняя юра
|
| 610 |
1 |
|
|a верхнеюрские отложения
|
| 610 |
1 |
|
|a склерактинии
|
| 610 |
1 |
|
|a рифогенные формации
|
| 610 |
1 |
|
|a палеогеография
|
| 610 |
1 |
|
|a Узбекистан
|
| 610 |
1 |
|
|a монографии
|
| 675 |
|
|
|a 552.54
|z rus
|v 3
|
| 700 |
|
1 |
|a Хусанов
|b С. Т.
|g Султанбай Тухтаевич
|4 070
|
| 712 |
0 |
2 |
|a Институт геологии и разведки нефтяных и газовых месторождений
|2 stltpush
|3 (RuTPU)RU\TPU\col\7782
|9 24383
|
| 801 |
|
0 |
|a RU
|b RuMRKP
|c 19950417
|g psbo
|
| 801 |
|
1 |
|a RU
|b 63413507
|c 20141007
|
| 801 |
|
2 |
|a RU
|b 63413507
|c 20170309
|g RCR
|
| 942 |
|
|
|c BK
|